000 01197cam a22003494a 4500
001 12552402
003 Ke-BoTe
005 20220525161324.0
008 011001s2002 moua b 001 0 eng
010 _a 2001052183
020 _a0323010652
035 _a(DNLM)101129135
040 _aDNLM/DLC
_cDLC
_dDLC
042 _apcc
050 0 0 _aRC48.6
_b.P752 2002
060 1 0 _aWA 309
_bP652 2002
082 0 0 _a616/.0082
_221
245 0 0 _aPrimary care of women /
_ceditors, Karen J. Carlson, Stephanie A. Eisenstat ; associate editors, Fredric D. Frigoletto, Jr., Isaac Schiff.
250 _a2nd ed.
260 _aSt. Louis :
_bMosby,
_cc2002.
300 _axx, 776 p. :
_bill. ;
_c29 cm.
504 _aIncludes bibliographical references and index.
650 0 _aWomen's health services.
_96692
650 0 _aWomen
_xDiseases.
_96586
650 1 2 _aWomen's Health.
_96693
650 2 2 _aPrimary Health Care.
_94253
700 1 _aCarlson, Karen J.
_96870
700 1 _aEisenstat, Stephanie A.
_96871
906 _a7
_bcbc
_corignew
_d1
_eocip
_f20
_gy-gencatlg
942 _2lcc
_cBK
_n0
999 _c3259
_d3259